Wirtschaftliche Systemforschung und Ordnungspolitik 40 Jahre Forschungsstelle zum Vergleich wirtschaftlicher Lenkungssysteme der Philipps-Universität Marburg

Na minha lista:
Detalhes bibliográficos
Autor principal: Schüller, Alfred
Outros Autores: Watrin, Christian
Formato: Livro
Idioma:alemão
Publicado em: Stuttgart Lucius & Lucius 1999
Colecção:Studien zur Ordnungsökonomik Nr. 22
Assuntos:
Tags: Adicionar Tag
Sem tags, seja o primeiro a adicionar uma tag!

MARC

LEADER 00000nam a2200000 4500
001 c117184
005 20221221084914.4
020 |a 3-8282-0111-3 
041 0 |a ger 
044 |a DE 
245 1 0 |a Wirtschaftliche Systemforschung und Ordnungspolitik  |b 40 Jahre Forschungsstelle zum Vergleich wirtschaftlicher Lenkungssysteme der Philipps-Universität Marburg  |c Alfred Schüller und Christian Watrin 
264 1 |a Stuttgart  |b Lucius & Lucius  |c 1999 
300 |a 54 s. 
490 1 |a Studien zur Ordnungsökonomik  |v Nr. 22 
830 0 |a Studien zur Ordnungsökonomik  |v Nr. 22 
610 2 0 |a systémy ekonomické 
610 2 0 |a politika hospodárska 
610 2 0 |a politika sociálna 
610 2 0 |a systémy politické 
610 2 0 |a transformácia 
610 2 0 |a hospodárstvo trhové 
610 2 0 |a hospodárstvo socialistické 
610 2 0 |a teórie ekonomické 
610 2 0 |a morálka 
610 2 0 |a spoločnosť 
610 2 0 |a porovnanie medzinárodné 
610 2 0 |a cykly hospodárske 
100 1 |a Schüller, Alfred 
700 1 |a Watrin, Christian